书目信息 |
| 题名: |
育儿常识
|
|
| 作者: | 林传家 编 | |
| 分册: | ||
| 出版信息: | 北京 人民卫生出版社 1979 |
|
| 页数: | 48页 | |
| 开本: | 20cm | |
| 丛书名: | ||
| 单 册: | ||
| 中图分类: | R174 | |
| 科图分类: | ||
| 主题词: | 妇幼卫生 | |
| 电子资源: | ||
| ISBN: | ||
| 000 | 00528nam0 2200205 450 | |
| 001 | 0657794750 | |
| 005 | 20060411110909.23 | |
| 010 | @dCNY0.12 | |
| 100 | @a20060410d1979 km y0chiy0120 ea | |
| 101 | 0 | @achi |
| 102 | @aCN@b110000 | |
| 102 | @aCN@b110000 | |
| 200 | 1 | @a育儿常识@Ayu er chang shi@f林传家编@Flin chuan jia bian |
| 210 | @a北京@c人民卫生出版社@d1979 | |
| 215 | @a48页@d20cm | |
| 606 | 0 | @a妇幼卫生 |
| 690 | @aR174@v4 | |
| 701 | 0 | @a林传家@Alin chuan jia@4编 |
| 801 | 0 | @aCN@bPFT@c20060411 |
| 905 | @a10447@dR174@e1 | |
| 育儿常识/林传家编.-北京:人民卫生出版社,1979 |
| 48页;20cm |
| ISBN :CNY0.12 |
| ● |
| 相关链接 |
|
|
|
|
正题名:育儿常识
索取号:R174/1
 
预约/预借
| 序号 | 登录号 | 条形码 | 馆藏地/架位号 | 状态 | 备注 |
| 1 | 0021574 | 000707284 | 密集书库/ [索取号:R174/1] | 在馆 |